Politicko-ekonomický vývoj Malty v kontexte európskej integrácie diplomová práca

Gespeichert in:
Bibliographische Detailangaben
1. Verfasser: Kabová, Zuzana
Körperschaft: Fakulta medzinárodných vzťahov EU. Katedra medzinárodných ekonomických vzťahov a hospodárskej diplomacie
Weitere Verfasser: Mattoš, Boris, 1977-
Format: Buch
Sprache:Slowakisch
Veröffentlicht: Bratislava 2008
Tags: Tag hinzufügen
Keine Tags, Fügen Sie das erste Tag hinzu!

MARC

LEADER 00000nam$a2200000$$$4500
001 0075956
005 20240201120018.1
041 0 |a slo 
044 |a SK 
245 1 0 |a Politicko-ekonomický vývoj Malty v kontexte európskej integrácie  |b diplomová práca  |c Zuzana Kabová ; škol. Boris Mattoš 
264 1 |a Bratislava  |c 2008 
300 |a 61 s. 
100 1 |a Kabová, Zuzana 
700 1 |a Mattoš, Boris, 1977- 
710 2 |a Fakulta medzinárodných vzťahov EU. Katedra medzinárodných ekonomických vzťahov a hospodárskej diplomacie